| Tag |
First Indicator |
Second Indicator |
Subfields |
| LEADER |
00000cam a2200000 a 4500 |
| 001 |
in00003524331 |
| 005 |
20170928112824.0 |
| 008 |
100603s2011 enka b 001 0 eng |
| 010 |
|
|
|a 2010022664
|
| 016 |
7 |
|
|a 015494097
|2 Uk
|
| 019 |
|
|
|a 716801108
|
| 020 |
|
|
|a 9780415579896
|q (hardback)
|
| 020 |
|
|
|a 0415579899
|q (hardback)
|
| 020 |
|
|
|a 9780203839355
|q (ebook)
|
| 020 |
|
|
|a 0203839358
|q (ebook)
|
| 035 |
|
|
|a (OCoLC)ocn526106637
|
| 035 |
|
|
|a (OCoLC)526106637
|z (OCoLC)716801108
|
| 040 |
|
|
|a DLC
|b eng
|c DLC
|d YDX
|d BTCTA
|d YDXCP
|d BWX
|d CDX
|d CHRRO
|d IG#
|d INU
|d UKMGB
|d OCLCF
|d MHR
|d OCLCQ
|d OCLCO
|d CHVBK
|d OCL
|d OCLCQ
|d UtOrBLW
|
| 043 |
|
|
|a a-ir---
|a a-iq---
|
| 049 |
|
|
|a TXAM
|
| 050 |
0 |
0 |
|a DS318.85
|b .D66 2011
|
| 072 |
|
7 |
|a s1sp
|2 rero
|
| 082 |
0 |
0 |
|a 955.05/42
|2 22
|
| 100 |
1 |
|
|a Donovan, Jerome.
|0 http://id.loc.gov/authorities/names/n2010037167
|
| 245 |
1 |
4 |
|a The Iran-Iraq War :
|b antecedents and conflict escalation /
|c Jerome Donovan.
|
| 264 |
|
1 |
|a Milton Park, Abingdon, Oxon ;
|a New York :
|b Routledge,
|c 2011.
|
| 300 |
|
|
|a xiv, 153 pages :
|b illustrations ;
|c 23 cm.
|
| 336 |
|
|
|a text
|b txt
|2 rdacontent
|
| 337 |
|
|
|a unmediated
|b n
|2 rdamedia
|
| 338 |
|
|
|a volume
|b nc
|2 rdacarrier
|
| 490 |
1 |
|
|a Routledge studies in Middle Eastern politics ;
|v 32
|
| 504 |
|
|
|a Includes bibliographical references and index.
|
| 505 |
0 |
0 |
|g Machine generated contents note:
|g 1.
|t An integrated approach to understanding interstate conflict escalation: introduction --
|g 2.
|t An integrated approach to understanding interstate conflict escalation: theoretical foundations --
|g 3.
|t The pre-Algiers period: phase 1 of Iran-Iraq relations --
|g 4.
|t The detente period: phase 2 of Iran-Iraq relations --
|g 5.
|t The post-revolution period: phase 3 of Iran-Iraq relations --
|g 6.
|t Conclusions: explaining the Iran-Iraq war.
|
| 520 |
|
|
|a "In a tradition that dates back to the time of Thucydides, and the Peloponnesian War, the systematic examination of conflict and war has long been a preoccupation of political scientists seeking to resolve the enduring question: Why do wars occur? This study directly engages with this question with a specific focus on explaining why the conflict between Iran and Iraq escalated to war in 1980. This conflict led to arguably the longest and one of the more costly conventional wars of the twentieth century"--Prelimimary page.
|
| 650 |
|
0 |
|a Iran-Iraq War, 1980-1988.
|0 http://id.loc.gov/authorities/subjects/sh85067954
|
| 650 |
|
0 |
|a Iran-Iraq War, 1980-1988
|x Causes.
|
| 650 |
|
0 |
|a Escalation (Military science)
|0 http://id.loc.gov/authorities/subjects/sh85044774
|
| 651 |
|
0 |
|a Middle East
|x Politics and government.
|0 http://id.loc.gov/authorities/subjects/sh85090511
|
| 611 |
2 |
7 |
|a Iran-Iraq War (1980-1988)
|2 fast
|0 (OCoLC)fst00978774
|
| 650 |
|
7 |
|a Escalation (Military science)
|2 fast
|0 (OCoLC)fst00915107
|
| 650 |
|
7 |
|a Politics and government.
|2 fast
|0 (OCoLC)fst01919741
|
| 650 |
|
7 |
|a War
|x Causes.
|2 fast
|0 (OCoLC)fst01170331
|
| 651 |
|
7 |
|a Middle East.
|2 fast
|0 (OCoLC)fst01241586
|
| 650 |
|
7 |
|a Krieg.
|2 idszbz
|
| 651 |
|
7 |
|a Iran.
|2 idszbz
|
| 651 |
|
7 |
|a Irak.
|2 idszbz
|
| 648 |
|
7 |
|a 1980 - 1988
|2 fast
|
| 830 |
|
0 |
|a Routledge studies in Middle Eastern politics ;
|v 32.
|0 http://id.loc.gov/authorities/names/no2006095199
|
| 948 |
|
|
|a cataloged
|b h
|c 2016/4/4
|d c
|e ceaton
|f 2:08:07 pm
|
| 994 |
|
|
|a C0
|b TXA
|
| 999 |
f |
f |
|s 8ec2cbb9-c3da-3e69-80ad-132f6f0fc900
|i 512d9d61-91ce-378e-b183-f22732657d02
|t 0
|
| 952 |
f |
f |
|p normal
|a Texas A&M University
|b College Station
|c Sterling C. Evans Library
|d Evans: Library Stacks
|t 0
|e DS318.85 .D66 2011
|h Library of Congress classification
|i unmediated -- volume
|m A14843331258
|
| 998 |
f |
f |
|a DS318.85 .D66 2011
|t 0
|l Evans: Library Stacks
|